00945nas a2200241Ia 4500001001100000003000900011008004100020040001300061040001300074041001200087100004300099210001700142222001700159242009000176245009900266250001100365260004600376501008600422300001900508362004000527500010000567650003600667R020/B1048IT-RoPAU151124c99999999xx |||||||||||| ||und|| aIT-RoPAU cIT-RoPAU aINGLESE aLuhr WilliamgCodice Aut. SPICS: 31654 aGRIFFITHIANA aGriffithiana aA WOMAN OF PARIS E LA CARRIERA DI CHARLES CHAPLINnCod. Traduzione Titolo: B1061yITA aGRIFFITHIANA, ANNO 14-N.40/41/42 (OTTOBRE 1991)bA Woman Of Paris And Charles Chaplin'S Career a1a ed. aGEMONA (UDINE)bCINETECA DEL FRIULIc1991 bPaulus - SPICS - Società San Paolo EM (non-commercial uses only)cCopyright2015 a7 p. [111-117] aANNO 014, N.40/41/42 (OTTOBRE 1991) aImportanza del Film a Woman Of Paris nella Carriera di Chaplin. Alcune Riflessioni al Riguardo. aCINEMAvPUBBLICAZIONE PERIODICA